000 00501nam a2200193Ia 4500
005 20240823044744.0
008 240823s9999||||xx |||||||||||||| ||und||
020 _a978-81-315-0552-6
041 _aENGLISH
082 _A658.049 P9
100 _a"Adler, Nancy J"
245 0 _aInternational Organizational Behavior
250 _a1st
260 _c2009
_bCengage Learning
_aNew Delhi
500 _aYES
650 _aOrganizational Behavior
_bManagement Studies
942 _cBK
999 _c213353
_d213353